FOILING Quiz Stats

 Plays Quiz not verified by Sporcle

Support Sporcle.
Go Orange.
Score 0/20 Timer 04:00
0 Plays Today
Find the Product of ax^2+bx+c % Correct
????
96.8%
????
83.9%
????
71%
????
64.5%
????
54.8%
????
54.8%
????
45.2%
????
32.3%
????
32.3%
????
29%
Find the Product of ax^2+bx+c % Correct
????
29%
????
29%
????
19.4%
????
19.4%
????
16.1%
????
13.3%
????
12.9%
????
6.7%
????
6.7%
????
6.5%

You're not logged in!

Compare scores with friends on all Sporcle quizzes.
OR
Log In

From the Vault

Big 4 Same Letter State

by sproutcm

Alliteration is a key element of team-naming.
Remove Ads.
Support Sporcle.
Get the best of Sporcle when you Go Orange. This ad-free experience offers more features, more stats, and more fun while also helping to support Sporcle. Thank you for becoming a member.

Show Comments

Extras

Created Feb 26, 2012ReportNominate
Tags:binomial, product

Top Quizzes Today


Score Distribution

Your Account Isn't Verified!

In order to create a playlist on Sporcle, you need to verify the email address you used during registration. Go to your Sporcle Settings to finish the process.

Report this User

Report this user for behavior that violates our Community Guidelines.

Details: